Stazioni della Metropolitana di Torino - Statistics

Statistiche generali
  • Questo quiz è stato fatto 324 volte
  • Il punteggio medio è 14 su 21
Risposte nella Mappa
Le risposte nella mappa del quiz sottostante sono codificate secondo una scala di colori dal rosso al verde in base alla % di persone che hanno risposto correttamente.
 
Statistiche sulle risposte
Linea 1 % Corretto
Porta Nuova
96%
Porta Susa
94%
Lingotto
88%
Fermi
78%
Nizza
75%
Re Umberto
72%
XVIII Dicembre
71%
Vinzaglio
68%
Dante
67%
Rivoli
67%
Marconi
65%
Principi d'Acaja
65%
Paradiso
62%
Bernini
61%
Carducci-Molinette
60%
Racconigi
60%
Spezia
59%
Massaua
58%
Marche
57%
Pozzo Strada
54%
Monte Grappa
49%
Nessun quiz corrispondente trovato
Distribuzione punteggi
Percentuale di utenti per punteggio
Percentile per numero di risposta
I tuoi punteggi nel tempo
Non hai fatto questo quiz